000 00664nam a22002177a 4500
003 BUBTL
008 180527b xxu||||| |||| 00| 0 eng d
020 _a9847006200022
041 _aEnglish
082 _a515.9/ H7949c/ 2010
_b
100 _91882
_aHossain, Md. Anwar
245 _aComplex Variables / With Special Functions :
_cMd. Anwar Hossain / Mohammad Osman Gani
250 _a1st
260 _aDhaka
_bCBO Publication
_cc2010
300 _a[xv],09-44p. :
_b22cm.+
650 0 _9124
_aMathematics
700 _91883
_aMd. Anwar Hossain / Mohammad Osman Gani
856 _k0
_l0
_yDownload
942 _2ddc
_cBK
999 _c5729
_d5729